000 00532nam a2200169 i 4500
001 42708
003 ES-MaACL
005 20250822055320.0
007 t|
008 030313s1928 sp ||||1| spa d
100 1 _aCastro, Américo,
_d1885-1972
_9226525
245 1 0 _aSanta Teresa y otros ensayos
_b: . Algo de la Edad Media ; El poema de Flamenca ; El príncipe D. Juan... /
_cAmérico Castro.
260 _a[Santander :
_bAldus],
_c1929.
300 _a278 p. ;
_c20 cm.
852 _aES-MaACL
_jB-2815
999 _c42708
_d42708